000 00421nam a2200157Ia 4500
005 20250508154313.0
008 008 250505s9999 xx 000 0 eng d
037 _aBooks to be hide in OPAC
040 _aFEDL
_beng
_cFEDL
041 _aeng
_2eng
084 _a001, BRI
_qFEDL
245 0 _aEducational psychology in ancient India
300 _a511p.
942 _cHB
_h001, BRI
999 _c1349473
_d1349473